Вып. 34; История России в XIX веке

Dades bibliogràfiques
Parent link:История России в XIX веке: в 9 т., 35 вып./ Е. В. Аничков, С. М. Блеклов, М. М. Богословский и др.. Вып. 34.— , 1907-1911
Idioma:rus
Publicat: [1907-1911]
Matèries:
Format: MixedMaterials Llibre
KOHA link:https://koha.lib.tpu.ru/cgi-bin/koha/opac-detail.pl?biblionumber=345052

MARC

LEADER 00000nam2a2200000 4500
001 345052
005 20231102005729.0
035 |a (RuTPU)RU\TPU\book\376851 
035 |a RU\TPU\retro\13013 
090 |a 345052 
100 |a 20200710d1907 km y0rusy50 ca 
101 0 |a rus 
102 |a RU 
105 |a ac z 001zd 
200 0 |a Вып. 34 
210 |d [1907-1911] 
215 |a С. 81-270  |c портр. 
320 |a Библиография в ссылках 
461 1 |0 (RuTPU)RU\TPU\retro\14548  |t История России в XIX веке  |o в 9 т., 35 вып.  |f Е. В. Аничков, С. М. Блеклов, М. М. Богословский и др.  |v Вып. 34  |d 1907-1911 
606 1 |a Россия  |x История  |z 19 в.  |2 stltpush  |3 (RuTPU)RU\TPU\subj\65297  |9 81865 
610 1 |a высшее образование 
610 1 |a высшая школа 
610 1 |a естественные науки 
610 1 |a естествознание 
610 1 |a русская литература 
610 1 |a публицистика 
686 |a Т3(2)52  |v LBC/SL-A  |2 rubbk 
801 1 |a RU  |b 63413507  |c 20200710 
801 2 |a RU  |b 63413507  |c 20230217  |g RCR 
942 |c BK